=LDR 00000nam 2200000 4500 =001 INLIS000000000039576 =005 20130612145208 =008 ***********************************Ind** =035 ##$$0010-061300000039576 =041 ##$$a Ind =082 ##$$a 398.245 4 =090 ##$$a 398.245 4, Mcc n =100 ##$$a Mccall, Gerrie =245 ##$$a Naga : Monster Mengerikan dari Dunia Mitos dean Fiksi, Gerrie Mccall =260 ##$$a 2010 $b Jakarta =300 ##$$a 48 Hlm, 20 Cm =650 ##$$a Naga, Dongeng =850 ##$$a NBPNMAT =990 ##$$a 0001/BPAP-NTB/2016